Life is uncertain-- eat dessert first! : (Record no. 1373)

MARC details
000 -LEADER
fixed length control field 00753pam a2200241 a 4500
005 - DATE AND TIME OF LATEST TRANSACTION
control field 20260322212057.0
008 - FIXED-LENGTH DATA ELEMENTS--GENERAL INFORMATION
fixed length control field data
010 ## - LIBRARY OF CONGRESS CONTROL NUMBER
LC control number 89039170
020 ## - INTERNATIONAL STANDARD BOOK NUMBER
International Standard Book Number 0385298994 :
Terms of availability {dollar}12.95 ({dollar}15.95 Can.)
020 ## - INTERNATIONAL STANDARD BOOK NUMBER
International Standard Book Number 9780385298995 :
Terms of availability {dollar}12.95 ({dollar}15.95 Can.)
040 ## - CATALOGING SOURCE
Original cataloging agency DLC
Transcribing agency DLC
Modifying agency DLC
050 00 - LIBRARY OF CONGRESS CALL NUMBER
Classification number BF637.S4
Item number G67 1990
082 00 - DEWEY DECIMAL CLASSIFICATION NUMBER
Classification number 158/.1
Edition information 20
092 ## - LOCALLY ASSIGNED DEWEY CALL NUMBER (OCLC)
Classification number 158.1 G67 1990
001 - CONTROL NUMBER
control field data
100 1# - MAIN ENTRY--PERSONAL NAME
Personal name Gordon, Sol,
Dates associated with a name 1923-
245 10 - TITLE STATEMENT
Title Life is uncertain-- eat dessert first! :
Remainder of title finding the joy you deserve /
Statement of responsibility, etc. Sol Gordon & Harold Brecher.
260 ## - PUBLICATION, DISTRIBUTION, ETC.
Place of publication, distribution, etc. New York, N.Y. :
Name of publisher, distributor, etc. Delacorte Press,
Date of publication, distribution, etc. c1990.
300 ## - PHYSICAL DESCRIPTION
Extent xv, 153 p. ;
Dimensions 19 cm.
650 #0 - SUBJECT ADDED ENTRY--TOPICAL TERM
Topical term or geographic name entry element Self-actualization (Psychology)
650 #0 - SUBJECT ADDED ENTRY--TOPICAL TERM
Topical term or geographic name entry element Joy.
700 1# - ADDED ENTRY--PERSONAL NAME
Personal name Brecher, Harold.
Holdings
Withdrawn status Lost status Damaged status Not for loan Home library Current library Shelving location Date acquired Total checkouts Full call number Barcode Date last seen Price effective from Koha item type
        Franklin Franklin General stacks 22/03/2026   158/.1 20 BC0011419 22/03/2026 22/03/2026 Books